[Event "15th Dubai Open 2013"]
[Site "Dubai UAE"]
[Date "2013.04.07"]
[Round "1.2"]
[White "Basencyan, Mark"]
[Black "Laznicka, Viktor"]
[Result "0-1"]
[WhiteElo "2133"]
[BlackElo "2674"]
[PlyCount "74"]
[EventDate "2013.04.07"]

1. d4 f5 2. c4 Nf6 3. Nc3 d6 4. g3 g6 5. Bg2 Bg7 6. Nh3 O-O 7. O-O Na6 8. d5
Nc5 9. Nf4 e5 10. dxe6 c6 11. h3 Qe7 12. Be3 g5 13. Nd3 Nxe6 14. Qd2 Nd7 15. f4
gxf4 16. Nxf4 Ne5 17. b3 Nxf4 18. Bxf4 Ng6 19. e3 Nxf4 20. exf4 d5 21. Kh2 dxc4
22. bxc4 Rd8 23. Qc2 Qb4 24. Rac1 Qxc4 25. Na4 Qb4 26. Rf2 Rb8 27. Rb1 Qd6 28.
Re2 b6 29. Qc4+ Kf8 30. Bxc6 Qd4 31. Qxd4 Bxd4 32. Nb2 Ba6 33. Rc2 Rbc8 34.
Rbc1 Be3 35. Re1 Rxc6 36. Rxc6 Rd2+ 37. Kh1 Bb7 0-1

[Event "15th Dubai Open 2013"]
[Site "Dubai UAE"]
[Date "2013.04.07"]
[Round "1.4"]
[White "Michelle Catherina, P."]
[Black "Kryvoruchko, Yuriy"]
[Result "0-1"]
[WhiteElo "2123"]
[BlackElo "2668"]
[PlyCount "88"]
[EventDate "2013.04.07"]

1. e4 d6 2. d4 Nf6 3. Nc3 g6 4. Be3 a6 5. h4 b5 6. f3 Bb7 7. Qd2 Nbd7 8. g4 h6
9. Nh3 e6 10. O-O-O Nb6 11. g5 hxg5 12. Bxg5 Be7 13. Bd3 Nh5 14. Kb1 Qd7 15.
Nf4 O-O-O 16. Nxh5 Rxh5 17. Qf4 Rdh8 18. Rhg1 Bxg5 19. hxg5 Rh3 20. b3 Qe7 21.
Rg3 R8h4 22. Rg4 Rh5 23. Kb2 Kb8 24. Rdg1 Nd7 25. R4g3 e5 26. dxe5 dxe5 27. Qe3
Qc5 28. Qxc5 Nxc5 29. Bf1 Rxg3 30. Rxg3 Ne6 31. a4 c6 32. axb5 axb5 33. Be2
Rxg5 34. Rxg5 Nxg5 35. Nd1 Kc7 36. b4 Bc8 37. Ne3 Be6 38. Kc3 f5 39. exf5 gxf5
40. Kd2 f4 41. Ng2 Bd5 42. Ne1 Kd6 43. Kd1 Nh3 44. Bd3 Nf2+ 0-1

[Event "15th Dubai Open 2013"]
[Site "Dubai UAE"]
[Date "2013.04.07"]
[Round "1.6"]
[White "Wenzel, Birger"]
[Black "Petrosian, Tigran L"]
[Result "0-1"]
[WhiteElo "2109"]
[BlackElo "2663"]
[PlyCount "54"]
[EventDate "2013.04.07"]

1. f4 d5 2. Nf3 g6 3. g3 Bg7 4. Bg2 c5 5. O-O Nc6 6. d3 Nf6 7. Qe1 d4 8. c3 O-O
9. Na3 Be6 10. Bd2 Rc8 11. c4 a6 12. b4 cxb4 13. Bxb4 Ng4 14. Bd2 Qd6 15. Nc2
b5 16. cxb5 axb5 17. Ng5 Bd5 18. Ne4 Qd8 19. h3 Ne3 20. Nxe3 dxe3 21. Bc3 Bxe4
22. dxe4 Bxc3 23. Qxc3 Nd4 24. Qd3 Rc3 25. Qd1 Rc2 26. Bf3 Rd2 27. Qc1 Rxe2 0-1

[Event "15th Dubai Open 2013"]
[Site "Dubai UAE"]
[Date "2013.04.07"]
[Round "1.8"]
[White "Ivana Maria, Furtado"]
[Black "Sokolov, Ivan"]
[Result "0-1"]
[WhiteElo "2093"]
[BlackElo "2643"]
[PlyCount "172"]
[EventDate "2013.04.07"]

1. d4 Nf6 2. c4 b6 3. Nf3 Bb7 4. g3 c5 5. dxc5 bxc5 6. Bg2 g6 7. O-O Bg7 8. Nc3
Ne4 9. Nxe4 Bxe4 10. Ng5 Bxg2 11. Kxg2 O-O 12. Rb1 Nc6 13. b3 d6 14. Bb2 Qd7
15. Bxg7 Kxg7 16. e3 Qb7 17. Kg1 Ne5 18. f4 Nd7 19. Qf3 Qxf3 20. Nxf3 a5 21. a4
Rab8 22. Nd2 Rb6 23. Rb2 Rfb8 24. Kf2 f5 25. Ke2 Rb4 26. Rbb1 Nf6 27. Kd3 e5
28. h3 e4+ 29. Ke2 h5 30. h4 Kf7 31. Rbc1 Ke6 32. Rc3 Kd7 33. Rfc1 Kc6 34. R3c2
Rxb3 35. Nxb3 Rxb3 36. Rd1 Rb4 37. Ra1 Nd7 38. Ra3 Nb6 39. Rac3 Rxa4 40. Kd2
Rb4 41. Kc1 Kb7 42. Kd2 Na4 43. Ra3 Nb2 44. Rac3 Nd3 45. Ra3 Nb2 46. Rac3 Ka6
47. Kc1 Nd3+ 48. Kd2 Rb1 49. Ra3 Nb4 50. Rc1 Rb2+ 51. Kd1 Rg2 52. Rca1 Nc6 53.
R1a2 Rg1+ 54. Ke2 Kb6 55. Rd2 Kc7 56. Kf2 Rc1 57. Ra4 Rb1 58. Ke2 Rh1 59. Kf2
Kd7 60. Kg2 Rb1 61. Kf2 Kc7 62. Ke2 Rb3 63. Kf2 Rb4 64. Rda2 Rb8 65. Rd2 Rd8
66. Ra1 Ra8 67. Rad1 Nb4 68. Rxd6 Nd3+ 69. R6xd3 exd3 70. Rxd3 a4 71. Rd1 a3
72. Ra1 a2 73. e4 fxe4 74. Ke3 Ra4 75. Kxe4 Rxc4+ 76. Ke5 Ra4 77. Kf6 Ra6+ 78.
Kg5 c4 79. f5 gxf5 80. Kxh5 c3 81. Kg5 c2 82. h5 Rb6 83. Rc1 Kd7 84. h6 Rb1 85.
Rxc2 a1=Q 86. Kxf5 Rf1+ 0-1

[Event "15th Dubai Open 2013"]
[Site "Dubai UAE"]
[Date "2013.04.07"]
[Round "1.9"]
[White "Amin, Bassem"]
[Black "Nekrasova, Elena"]
[Result "1-0"]
[WhiteElo "2641"]
[BlackElo "2089"]
[PlyCount "55"]
[EventDate "2013.04.07"]

1. e4 c5 2. Nf3 Nc6 3. d3 g6 4. g3 Bg7 5. Bg2 e5 6. O-O Nge7 7. c3 O-O 8. a3 d6
9. b4 h6 10. Nbd2 Be6 11. Nb3 Qd7 12. bxc5 Bxb3 13. Qxb3 dxc5 14. Rd1 Rac8 15.
Be3 b6 16. h4 c4 17. dxc4 Qe6 18. Qa2 Na5 19. c5 Nc4 20. Bh3 Qxh3 21. Qxc4 Rc7
22. Rd6 bxc5 23. Rad1 Qc8 24. Kg2 Kh7 25. h5 f5 26. hxg6+ Nxg6 27. Ng5+ hxg5
28. Bxg5 1-0

[Event "15th Dubai Open 2013"]
[Site "Dubai UAE"]
[Date "2013.04.07"]
[Round "1.11"]
[White "Wen, Yang"]
[Black "Salah, Romany"]
[Result "1-0"]
[WhiteElo "2631"]
[BlackElo "2085"]
[PlyCount "88"]
[EventDate "2013.04.07"]

1. d4 Nf6 2. c4 e6 3. g3 Bb4+ 4. Bd2 Qe7 5. Bg2 Bxd2+ 6. Qxd2 c5 7. Nf3 d6 8.
O-O O-O 9. Nc3 Nc6 10. Rad1 Rb8 11. h3 Na5 12. b3 b6 13. e4 Bb7 14. d5 e5 15.
Nh4 g6 16. f4 Nh5 17. Qf2 f6 18. Bf3 Ng7 19. f5 g5 20. Ng2 a6 21. Qd2 Bc8 22.
Be2 Bd7 23. Rb1 Rfc8 24. Ne3 h5 25. a3 Be8 26. Rb2 Qc7 27. Rc1 b5 28. cxb5 axb5
29. b4 cxb4 30. axb4 Nc4 31. Bxc4 bxc4 32. Nc2 Ra8 33. b5 Rcb8 34. Rcb1 Rb6 35.
Qe3 Bd7 36. Nb4 Ra3 37. Nc6 Bxf5 38. exf5 Nxf5 39. Qf2 Nd4 40. Nxd4 Rxc3 41.
Ne6 Qa7 42. Ra2 Rxg3+ 43. Kh2 Ra3 44. Rba1 Rxa2 1-0

[Event "15th Dubai Open 2013"]
[Site "Dubai UAE"]
[Date "2013.04.07"]
[Round "1.12"]
[White "Blanco Acevedo, Maria C"]
[Black "Ganguly, Surya Shekhar"]
[Result "0-1"]
[WhiteElo "2080"]
[BlackElo "2623"]
[PlyCount "50"]
[EventDate "2013.04.07"]

1. d4 Nf6 2. Nf3 g6 3. Bg5 Bg7 4. e3 O-O 5. Bxf6 Bxf6 6. h4 c5 7. c3 Qb6 8. Qc2
d5 9. dxc5 Qxc5 10. h5 Bf5 11. Bd3 Bxd3 12. Qxd3 Nc6 13. hxg6 hxg6 14. Nbd2
Rad8 15. Nd4 Kg7 16. b4 Qd6 17. O-O-O a5 18. Nb5 Ne5 19. Qe2 Qc6 20. Kb1 axb4
21. cxb4 Nc4 22. a4 Na3+ 23. Nxa3 Qc3 24. Ndc4 Qa1+ 25. Kc2 Qa2+ 0-1

[Event "15th Dubai Open 2013"]
[Site "Dubai UAE"]
[Date "2013.04.07"]
[Round "1.13"]
[White "Kuzubov, Yuriy"]
[Black "Sameir, Ramez"]
[Result "1-0"]
[WhiteElo "2619"]
[BlackElo "2078"]
[PlyCount "51"]
[EventDate "2013.04.07"]

1. d4 d5 2. c4 e6 3. Nc3 Nf6 4. Bg5 Nbd7 5. e3 c6 6. Nf3 Qa5 7. Nd2 Bb4 8. Qc2
O-O 9. Be2 e5 10. Nb3 Qc7 11. O-O exd4 12. Nxd4 Bd6 13. h3 dxc4 14. Bxc4 Re8
15. Rfd1 Nb6 16. Bd3 Nbd7 17. Nf5 Be5 18. f4 Bxc3 19. Qxc3 Nb6 20. Nxg7 Rxe3
21. Qxf6 Nd5 22. Qh6 Rxd3 23. Rxd3 Qb6+ 24. Kh2 Qxb2 25. Nh5 Bxh3 26. Rxh3 1-0

[Event "15th Dubai Open 2013"]
[Site "Dubai UAE"]
[Date "2013.04.07"]
[Round "1.15"]
[White "Parligras, Mircea-Emilian"]
[Black "Kohtz, Andreas"]
[Result "1-0"]
[WhiteElo "2602"]
[BlackElo "2068"]
[PlyCount "123"]
[EventDate "2013.04.07"]

1. d4 Nf6 2. c4 g6 3. Nc3 Bg7 4. e4 d6 5. f3 O-O 6. Be3 e5 7. Nge2 exd4 8. Nxd4
Nc6 9. Qd2 Re8 10. Be2 Nh5 11. Nb3 a5 12. a4 Be6 13. g4 Nf6 14. Nd4 Nxd4 15.
Bxd4 Nd7 16. O-O-O Bxd4 17. Qxd4 Qf6 18. Qd2 Nc5 19. Kc2 Na6 20. h4 Nb4+ 21.
Kb1 Rad8 22. f4 Bd7 23. Bf3 Bc6 24. g5 Qe6 25. b3 f5 26. gxf6 Qxf6 27. h5 Rd7
28. hxg6 hxg6 29. Rdg1 Rg7 30. Rg4 Bd7 31. Rg5 Kf7 32. Rhg1 Ke7 33. Rxa5 c5 34.
Ra7 Bc6 35. Kb2 Kf8 36. Rd1 Bxe4 37. Bxe4 Rxe4 38. Qxd6+ Qxd6 39. Rxd6 Rxf4 40.
Rd8+ Ke7 41. Rd2 Ke6 42. a5 Nc6 43. Ra8 Nb4 44. Re8+ Kf6 45. Ne4+ Kf7 46. Nd6+
Kf6 47. Ne4+ Kf7 48. Re5 Nc6 49. Ng5+ Kf6 50. Rxc5 Ne5 51. Rd6+ Kf5 52. Ne6
Rf2+ 53. Ka3 Re7 54. Nd4+ Kg4 55. Rb5 g5 56. Re6 Rxe6 57. Nxe6 Re2 58. Nd8 Re3
59. Ka4 Kf3 60. Rxb7 Rd3 61. Nf7 Nd7 62. Rxd7 1-0

[Event "15th Dubai Open 2013"]
[Site "Dubai UAE"]
[Date "2013.04.07"]
[Round "1.18"]
[White "Abdel Rabb, Raouf"]
[Black "Gupta, Abhijeet"]
[Result "1/2-1/2"]
[WhiteElo "2036"]
[BlackElo "2591"]
[PlyCount "71"]
[EventDate "2013.04.07"]

1. e4 c5 2. Nf3 d6 3. d3 Nc6 4. g3 g6 5. Bg2 Bg7 6. O-O Nf6 7. Re1 O-O 8. c3
Bg4 9. h3 Bxf3 10. Qxf3 Nd7 11. Qe2 Rb8 12. a4 a6 13. Bg5 Qc7 14. Nd2 b5 15.
axb5 axb5 16. Ra6 Nb6 17. Nf1 Rfe8 18. Ra2 e6 19. Qd2 Qd7 20. Nh2 d5 21. Ng4 f5
22. exf5 exf5 23. Rxe8+ Rxe8 24. Nf6+ Bxf6 25. Bxf6 Kf7 26. Bg5 Nd8 27. Ra6 Qb7
28. Ra5 Qd7 29. Ra6 Re6 30. Bxd8 Qxd8 31. Qh6 Kg8 32. Ra7 Re7 33. Rxe7 Qxe7 34.
Qf4 Qd8 35. Qe3 c4 36. Qc5 1/2-1/2

[Event "15th Dubai Open 2013"]
[Site "Dubai UAE"]
[Date "2013.04.07"]
[Round "1.19"]
[White "Rakhmanov, Aleksandr"]
[Black "Ram, Aravind L N"]
[Result "1-0"]
[WhiteElo "2591"]
[BlackElo "2035"]
[PlyCount "71"]
[EventDate "2013.04.07"]

1. c4 c5 2. b3 Nc6 3. Bb2 d6 4. g3 e5 5. Bg2 Be6 6. Nc3 Nf6 7. Nf3 Be7 8. O-O
h6 9. e3 Bg4 10. h3 Bh5 11. d3 Qd7 12. a3 O-O 13. Nd5 Nxd5 14. cxd5 Bxf3 15.
Bxf3 Nd8 16. e4 f5 17. exf5 Qxf5 18. Kg2 Nf7 19. Be4 Qd7 20. h4 Nh8 21. Qh5 Qe8
22. Qg4 Qc8 23. Qe6+ Qxe6 24. dxe6 Rab8 25. f4 exf4 26. Rxf4 b5 27. Rg4 Bf6 28.
e7 Bxb2 29. exf8=Q+ Rxf8 30. Ra2 Bc1 31. h5 Nf7 32. Bd5 Bg5 33. Rf2 a5 34. a4
b4 35. Rf1 Bd2 36. Rg6 1-0

[Event "15th Dubai Open 2013"]
[Site "Dubai UAE"]
[Date "2013.04.07"]
[Round "1.20"]
[White "Rice, Chris B"]
[Black "Burmakin, Vladimir"]
[Result "0-1"]
[WhiteElo "2032"]
[BlackElo "2580"]
[PlyCount "84"]
[EventDate "2013.04.07"]

1. c4 e6 2. g3 d5 3. Bg2 Nf6 4. Nf3 Nbd7 5. b3 b6 6. Bb2 Bb7 7. O-O Be7 8. Nc3
O-O 9. e3 a6 10. Qe2 Bd6 11. d4 Qe7 12. Rfd1 Rfd8 13. Rac1 Rac8 14. Nh4 g6 15.
e4 Nxe4 16. Nxe4 dxe4 17. Bxe4 Bxe4 18. Qxe4 Ba3 19. Bxa3 Qxa3 20. Qc2 Qa5 21.
Qe2 Nb8 22. Rc2 Nc6 23. Rcd2 Rd6 24. Nf3 Rcd8 25. Qe3 Qf5 26. Kg2 Qf6 27. Qe4
Qf5 28. Qxf5 gxf5 29. Kf1 Kg7 30. Ke2 Kf6 31. Ke3 b5 32. cxb5 axb5 33. Rc1 Nb4
34. Rc5 Nd5+ 35. Ke2 Ra8 36. Ne5 Rda6 37. Rcc2 Rxa2 38. Rxa2 Nc3+ 39. Kd3 Nxa2
40. Nc6 Ra6 41. Nb8 Nb4+ 42. Ke2 Rd6 0-1

[Event "15th Dubai Open 2013"]
[Site "Dubai UAE"]
[Date "2013.04.07"]
[Round "1.22"]
[White "Elmejbri, Ali A"]
[Black "Lalith, Babu M.R"]
[Result "0-1"]
[WhiteElo "2008"]
[BlackElo "2565"]
[PlyCount "56"]
[EventDate "2013.04.07"]

1. d4 Nf6 2. Nf3 e6 3. Bf4 c5 4. e3 Be7 5. Bd3 Nc6 6. c3 Nh5 7. Bg3 Nxg3 8.
hxg3 h6 9. Nbd2 Rb8 10. a4 d5 11. Ne5 Nxe5 12. dxe5 Bd7 13. Qe2 Bc6 14. O-O O-O
15. f4 Qc7 16. Nf3 Rfd8 17. Bb5 a6 18. Bxc6 bxc6 19. Rf2 Rb7 20. g4 c4 21. f5
exf5 22. gxf5 Re8 23. Nd4 Qxe5 24. Nxc6 Qf6 25. Nd4 Bd6 26. Qf3 Re4 27. g3 Qg5
28. f6 Rxe3 0-1

[Event "15th Dubai Open 2013"]
[Site "Dubai UAE"]
[Date "2013.04.07"]
[Round "1.24"]
[White "Albers, Andreas"]
[Black "Pantsulaia, Levan"]
[Result "0-1"]
[WhiteElo "1999"]
[BlackElo "2556"]
[PlyCount "88"]
[EventDate "2013.04.07"]

1. e4 c6 2. d4 d5 3. exd5 cxd5 4. Bd3 Nf6 5. c3 Bg4 6. f3 Bh5 7. Ne2 e6 8. O-O
Bd6 9. Bf4 Nc6 10. Re1 Bg6 11. Bxd6 Qxd6 12. Na3 O-O 13. Nc2 Na5 14. Bxg6 hxg6
15. Nc1 Nc4 16. Nd3 Qb6 17. Rb1 Rfe8 18. Ne3 Na5 19. Ne5 Nc6 20. N3g4 Qc7 21.
Nxc6 bxc6 22. Ne5 a5 23. Qd2 c5 24. dxc5 Qxc5+ 25. Qf2 Qc7 26. Rbc1 Rec8 27.
Qd4 Rab8 28. Rc2 Ne8 29. Rd1 Nd6 30. Re2 Nf5 31. Qf2 Rb7 32. Rde1 Rcb8 33. Rd2
Nd6 34. Ree2 Nb5 35. Qe3 Nd6 36. Qf2 Rb6 37. Rd4 Nb5 38. Rdd2 Nxc3 39. bxc3
Rb1+ 40. Re1 Qxe5 41. Rdd1 Rxd1 42. Rxd1 Qxc3 43. Qa7 Rb2 44. Qe7 Qf6 0-1

[Event "15th Dubai Open 2013"]
[Site "Dubai UAE"]
[Date "2013.04.07"]
[Round "1.27"]
[White "Kotsur, Pavel"]
[Black "Ahmed, Fayez"]
[Result "1-0"]
[WhiteElo "2552"]
[BlackElo "1946"]
[PlyCount "99"]
[EventDate "2013.04.07"]

1. Nf3 d5 2. d4 Nf6 3. c4 c6 4. e3 e6 5. Bd3 Bd6 6. b3 O-O 7. O-O Nbd7 8. Bb2
b6 9. Ne5 Bb7 10. f4 g6 11. Nd2 Nh5 12. e4 Ng7 13. cxd5 cxd5 14. Nxd7 Qxd7 15.
e5 Be7 16. Qe2 Rfc8 17. g4 a6 18. Rac1 b5 19. Qg2 Rxc1 20. Rxc1 Rc8 21. Rf1 Kh8
22. Qh3 Qd8 23. Nf3 Kg8 24. Qh6 Qf8 25. Kh1 Rc7 26. Ng5 Bxg5 27. Qxg5 Qe7 28.
Qxe7 Rxe7 29. Ba3 Rc7 30. Bc5 Ne8 31. a4 bxa4 32. bxa4 f6 33. Rb1 fxe5 34. fxe5
Rf7 35. Kg2 Bc8 36. Rb8 Rc7 37. Ra8 Kf7 38. Bxa6 Bxa6 39. Rxa6 Rb7 40. a5 Rb2+
41. Kf3 g5 42. Ra7+ Kg6 43. a6 Ra2 44. Re7 Ng7 45. a7 Ra6 46. Rb7 Ne8 47. Rb8
Nc7 48. Rc8 h5 49. Rxc7 hxg4+ 50. Kxg4 1-0

[Event "15th Dubai Open 2013"]
[Site "Dubai UAE"]
[Date "2013.04.07"]
[Round "1.28"]
[White "Magdy, Kassem"]
[Black "Jumabayev, Rinat"]
[Result "0-1"]
[WhiteElo "1943"]
[BlackElo "2549"]
[PlyCount "102"]
[EventDate "2013.04.07"]

1. Nf3 Nf6 2. g3 d5 3. Bg2 c6 4. O-O Bg4 5. h3 Bh5 6. d3 Nbd7 7. Qe1 e5 8. e4
dxe4 9. dxe4 Bc5 10. b4 Bxf3 11. Bxf3 Bd6 12. Na3 Qe7 13. c3 Qe6 14. Kg2 a5 15.
Bd1 Nb6 16. bxa5 Rxa5 17. Bb3 Qe7 18. Nc4 Nxc4 19. Bxc4 h6 20. f3 O-O 21. Be3
Bc5 22. Bb3 Rd8 23. Qe2 Bxe3 24. Qxe3 Nd7 25. Rad1 Nc5 26. Rxd8+ Qxd8 27. Rd1
Qe7 28. Qd2 Ra8 29. h4 h5 30. Kh2 g6 31. Kg2 Kg7 32. Kh2 Rf8 33. Kg2 Rc8 34.
Kf2 Qf6 35. Qe3 Nxb3 36. axb3 Qe6 37. c4 Qh3 38. Qg5 Qh2+ 39. Ke1 Qh1+ 40. Ke2
Qg2+ 41. Ke3 Qb2 42. Qe7 Qc3+ 43. Ke2 Ra8 44. Rd2 Ra1 45. f4 exf4 46. gxf4 Rh1
47. Qe5+ Qxe5 48. fxe5 Rh2+ 49. Ke3 Rxd2 50. Kxd2 g5 51. hxg5 Kg6 0-1

[Event "15th Dubai Open 2013"]
[Site "Dubai UAE"]
[Date "2013.04.07"]
[Round "1.29"]
[White "Michalik, Peter"]
[Black "Rafee, Mohd Hayel"]
[Result "1-0"]
[WhiteElo "2535"]
[BlackElo "1909"]
[PlyCount "87"]
[EventDate "2013.04.07"]

1. Nf3 Nf6 2. c4 e6 3. g3 b6 4. Bg2 Bb7 5. O-O Be7 6. d4 d6 7. d5 exd5 8. Nh4
O-O 9. Nf5 Re8 10. cxd5 Nbd7 11. Nc3 a5 12. b3 Nc5 13. Bb2 Bf8 14. Qd4 g6 15.
Nb5 Ncd7 16. Ne3 Ba6 17. Qc4 Ne5 18. Bxe5 Rxe5 19. a4 Bxb5 20. Qxb5 Nd7 21. Nc2
Nc5 22. Nd4 Qe8 23. Qc4 Bg7 24. Ra2 Qd7 25. Nc6 Ree8 26. Re1 Qf5 27. e4 Qg5 28.
Rae2 Qf6 29. Re3 Qb2 30. f4 h5 31. e5 dxe5 32. fxe5 Bh6 33. Rf3 Bg7 34. e6 fxe6
35. dxe6 Qd2 36. Re2 Qd1+ 37. Rf1 Qd6 38. e7+ Kh7 39. Bd5 Rac8 40. Rf7 Kh8 41.
Kg2 Nd7 42. Re6 Qc5 43. Qxc5 Nxc5 44. Rxg6 1-0

[Event "15th Dubai Open 2013"]
[Site "Dubai UAE"]
[Date "2013.04.07"]
[Round "1.30"]
[White "Walid, Anwar"]
[Black "Salem, A.R. Saleh"]
[Result "0-1"]
[WhiteElo "1893"]
[BlackElo "2530"]
[PlyCount "46"]
[EventDate "2013.04.07"]

1. d4 Nf6 2. c4 g6 3. Nc3 Bg7 4. e4 d6 5. Bg5 O-O 6. Qd2 c5 7. d5 b5 8. cxb5 a6
9. bxa6 Qa5 10. Nf3 Nbd7 11. Bd3 Bxa6 12. O-O Rfb8 13. Bxa6 Rxa6 14. Rab1 Rab6
15. b3 h6 16. Bxf6 Bxf6 17. Ne2 Qa3 18. Rfc1 Rb4 19. Qc2 Ra8 20. Nc3 Bxc3 21.
Qxc3 Rxe4 22. h3 Nf6 23. Rd1 Re2 0-1

[Event "15th Dubai Open 2013"]
[Site "Dubai UAE"]
[Date "2013.04.07"]
[Round "1.32"]
[White "Elnaami, Hashem A.k"]
[Black "Carlsson, Pontus"]
[Result "0-1"]
[WhiteElo "1854"]
[BlackElo "2520"]
[PlyCount "118"]
[EventDate "2013.04.07"]

1. d4 e6 2. g3 c5 3. e3 Nf6 4. Bg2 d5 5. Nf3 Nc6 6. O-O Bd6 7. Nbd2 O-O 8. c4
b6 9. b3 cxd4 10. exd4 Ba6 11. Re1 Rc8 12. Ne5 Nxd4 13. Bb2 Bxe5 14. Rxe5 Nc6
15. Re1 dxc4 16. Rc1 Nb4 17. Nxc4 Nxa2 18. Ra1 Bxc4 19. bxc4 Nb4 20. Rxa7 Rxc4
21. Qb3 Qd3 22. Re3 Qxb3 23. Rxb3 Nfd5 24. Ba3 Rfc8 25. Bxb4 Nxb4 26. Rd7 Rc1+
27. Bf1 Nd5 28. Kg2 R1c7 29. Bb5 Rxd7 30. Bxd7 Rc7 31. Ra3 Kf8 32. Ra8+ Ke7 33.
Bb5 h5 34. Re8+ Kd6 35. Be2 g6 36. Rb8 Kc5 37. Kf3 Nc3 38. Bd3 Rd7 39. Ke3 Nd1+
40. Ke2 Nxf2 41. Rc8+ Kb4 42. Bxg6 fxg6 43. Kxf2 b5 44. Rg8 Kc3 45. Rxg6 Rd6
46. Rg5 Rd5 47. Rg6 Re5 48. Rg7 b4 49. Rc7+ Kd2 50. Rb7 Rf5+ 51. Kg2 Kc3 52.
Rc7+ Kd3 53. Rb7 Kc4 54. Rb6 Re5 55. Rc6+ Kb5 56. Rc8 b3 57. Kf3 Kb4 58. Kf4
Rf5+ 59. Ke3 b2 0-1

[Event "15th Dubai Open 2013"]
[Site "Dubai UAE"]
[Date "2013.04.07"]
[Round "1.33"]
[White "Al-Sayed, Mohammed"]
[Black "Al Sori, Mohamed"]
[Result "1-0"]
[WhiteElo "2517"]
[BlackElo "1830"]
[PlyCount "41"]
[EventDate "2013.04.07"]

1. d4 Nf6 2. c4 e6 3. Nc3 d5 4. Bg5 Be7 5. cxd5 exd5 6. e3 h6 7. Bxf6 Bxf6 8.
Bd3 O-O 9. Nf3 c6 10. h3 Be6 11. O-O Nd7 12. Ne2 Nb6 13. Nf4 Qd7 14. Nh5 Bd8
15. Ne5 Qe7 16. f4 Bc8 17. Rf3 Qd6 18. Rg3 Bf6 19. Bc2 Re8 20. Qd3 Kf8 21. Nxg7
1-0

[Event "15th Dubai Open 2013"]
[Site "Dubai UAE"]
[Date "2013.04.07"]
[Round "1.34"]
[White "Alnami, Salaheddin"]
[Black "Akshayraj, Kore"]
[Result "0-1"]
[WhiteElo "1825"]
[BlackElo "2512"]
[PlyCount "78"]
[EventDate "2013.04.07"]

1. e4 e5 2. Nf3 Nc6 3. Bc4 Nf6 4. d3 Be7 5. c3 O-O 6. Nbd2 d6 7. Bb3 Na5 8. Bc2
c5 9. Nf1 Re8 10. Ng3 Nc6 11. O-O Bf8 12. Re1 h6 13. Bd2 Be6 14. c4 a6 15. Ba4
Rb8 16. Bxc6 bxc6 17. Bc3 g6 18. Qa4 Qc8 19. h3 Nd7 20. Rab1 Kh7 21. Qc2 Qc7
22. h4 Be7 23. h5 Rg8 24. hxg6+ fxg6 25. b4 cxb4 26. Bxb4 Rbf8 27. Qd2 Rf7 28.
Ba5 Qc8 29. Bb4 c5 30. Ba5 Nf6 31. Rb2 Nh5 32. Ne2 Bg4 33. Nh2 Bh4 34. Nxg4
Qxg4 35. Rf1 Rgf8 36. f3 Rxf3 37. Rb7+ Ng7 38. Rxf3 Rxf3 39. Kh1 Rf2 0-1

[Event "15th Dubai Open 2013"]
[Site "Dubai UAE"]
[Date "2013.04.07"]
[Round "1.36"]
[White "Vojdani, Siavosh"]
[Black "Harika, Dronavalli"]
[Result "0-1"]
[WhiteElo "1819"]
[BlackElo "2509"]
[PlyCount "102"]
[EventDate "2013.04.07"]

1. e4 Nf6 2. e5 Nd5 3. d4 d6 4. Nf3 g6 5. c4 Nb6 6. Be2 Bg7 7. O-O O-O 8. Nc3
Bg4 9. exd6 cxd6 10. Be3 Nc6 11. b3 d5 12. c5 Nc8 13. Ne5 Nxe5 14. Bxg4 Nc6 15.
b4 e5 16. dxe5 d4 17. Bxc8 Rxc8 18. b5 dxe3 19. bxc6 Rxc6 20. f4 Rxc5 21. Ne4
Qxd1 22. Raxd1 Ra5 23. Rfe1 Rxa2 24. Rxe3 Rc8 25. h3 h6 26. Rd7 g5 27. Nf6+
Bxf6 28. exf6 gxf4 29. Re4 f3 30. Rg4+ Kh8 31. Rd1 Rxg2+ 32. Rxg2 fxg2 33. Rd7
Kg8 34. Rxb7 Ra8 35. Kxg2 a5 36. Kg3 a4 37. Rb2 a3 38. Ra2 Kh7 39. Kf4 Kg6 40.
Ke5 Ra5+ 41. Kf4 Kxf6 42. Kf3 Ra4 43. Kg3 Ke5 44. h4 Kd5 45. Ra1 a2 46. Kh3 Kc4
47. Kg4 Kb3+ 48. Kh5 Kb2 49. Rf1 Rc4 50. Rf2+ Kb1 51. Rxf7 Rc5+ 0-1

[Event "15th Dubai Open 2013"]
[Site "Dubai UAE"]
[Date "2013.04.07"]
[Round "1.37"]
[White "Darini, Pouria"]
[Black "Saleh, Naif"]
[Result "1-0"]
[WhiteElo "2505"]
[BlackElo "1811"]
[PlyCount "60"]
[EventDate "2013.04.07"]

1. e4 e6 2. d4 d5 3. Nc3 dxe4 4. Nxe4 Nd7 5. Nf3 Ngf6 6. Bg5 Be7 7. Nxf6+ Bxf6
8. h4 h6 9. Bxf6 Qxf6 10. Bd3 c5 11. Qe2 cxd4 12. O-O-O Nc5 13. Bb5+ Bd7 14.
Rxd4 O-O-O 15. Rhd1 Bxb5 16. Qxb5 Na6 17. Qc4+ Nc7 18. Qc5 Kb8 19. Ne5 Na6 20.
Qa5 Rxd4 21. Rxd4 Ka8 22. Qe1 Rd8 23. Qc3 Rxd4 24. Qxd4 Qe7 25. c3 Nb8 26. g3
f6 27. Ng6 Qd7 28. Nf8 Qe8 29. Qd6 e5 30. Ne6 Nc6 1-0

[Event "15th Dubai Open 2013"]
[Site "Dubai UAE"]
[Date "2013.04.07"]
[Round "1.38"]
[White "Nouman, Amna"]
[Black "Shyam, Sundar M"]
[Result "0-1"]
[WhiteElo "1809"]
[BlackElo "2505"]
[PlyCount "59"]
[EventDate "2013.04.07"]

1. e4 c5 2. Nf3 d6 3. d4 cxd4 4. Nxd4 Nf6 5. Nc3 a6 6. Be2 e5 7. Nf3 Be7 8. O-O
O-O 9. a4 Nbd7 10. Re1 b6 11. Bc4 Bb7 12. Bd5 Nxd5 13. Nxd5 Rc8 14. c3 Kh8 15.
Be3 f5 16. exf5 Rxf5 17. Qd2 Bf8 18. Bg5 Rxg5 19. Nxg5 Bxd5 20. Nxh7 Bb7 21.
Ng5 Kg8 22. Rad1 Qf6 23. h4 Qf5 24. Re3 Be7 25. Rg3 Rc4 26. Qe2 Rxh4 27. Nf3
Bxf3 28. Qxf3 Qxf3 29. Rxf3 Rxa4 30. Rfd3 0-1

[Event "15th Dubai Open 2013"]
[Site "Dubai UAE"]
[Date "2013.04.07"]
[Round "1.40"]
[White "Esa, A H Almarazeeq"]
[Black "Khotenashvili, Bela"]
[Result "0-1"]
[WhiteElo "1781"]
[BlackElo "2492"]
[PlyCount "38"]
[EventDate "2013.04.07"]

1. d4 Nf6 2. c4 g6 3. Nf3 Bg7 4. g3 c5 5. d5 b5 6. Nbd2 Qa5 7. Qc2 d6 8. e4 Na6
9. Bg2 Nb4 10. Qb1 bxc4 11. Nxc4 Qa6 12. Nfd2 Nbxd5 13. exd5 Bf5 14. Nxd6+ exd6
15. Ne4 O-O 16. Kd1 Nxe4 17. Bxe4 Qa4+ 18. Bc2 Qg4+ 19. Ke1 Qf3 0-1

[Event "15th Dubai Open 2013"]
[Site "Dubai UAE"]
[Date "2013.04.08"]
[Round "2.1"]
[White "Karthikeyan, Murali"]
[Black "Akopian, Vladimir"]
[Result "0-1"]
[WhiteElo "2432"]
[BlackElo "2704"]
[PlyCount "100"]
[EventDate "2013.04.07"]

1. e4 c5 2. Nf3 d6 3. d4 cxd4 4. Nxd4 Nf6 5. Nc3 a6 6. Be3 e6 7. Be2 Qc7 8. O-O
b5 9. a3 Bb7 10. Bd3 Nbd7 11. Qe2 Be7 12. Kh1 O-O 13. f4 Rac8 14. Rae1 Qb8 15.
Bd2 Qa8 16. Nf3 Nc5 17. b4 Nxd3 18. cxd3 Rc7 19. Rc1 Rfc8 20. Nd4 g6 21. Nb3
Qb8 22. Na2 Nh5 23. Rxc7 Rxc7 24. Rc1 Rxc1+ 25. Bxc1 Qc7 26. Be3 f5 27. exf5
exf5 28. Nd4 Bf6 29. Qd2 Nxf4 30. Bxf4 Bxd4 31. Nc1 Bd5 32. Ne2 Bg7 33. Qe3 Qc6
34. Kg1 Bxg2 35. Nd4 Qa8 36. Bxd6 Bd5 37. Bc5 Qc8 38. Ne2 Qe6 39. Qg3 Qe5 40.
Qxe5 Bxe5 41. Bd4 Bxd4+ 42. Nxd4 Kf7 43. Kf2 Kf6 44. h4 Ke5 45. Ne2 f4 46. Ng1
Kf5 47. Ne2 Ke5 48. Ng1 h6 49. Nh3 Be6 50. Ng1 Bg4 0-1

[Event "15th Dubai Open 2013"]
[Site "Dubai UAE"]
[Date "2013.04.08"]
[Round "2.4"]
[White "Kryvoruchko, Yuriy"]
[Black "Houska, Jovanka"]
[Result "1-0"]
[WhiteElo "2668"]
[BlackElo "2417"]
[PlyCount "81"]
[EventDate "2013.04.07"]

1. e4 c6 2. d4 d5 3. e5 Bf5 4. Nf3 e6 5. Be2 Nd7 6. O-O Bg6 7. a4 Nh6 8. a5 a6
9. c4 Bxb1 10. Bg5 Be7 11. Bxh6 Be4 12. Bxg7 Rg8 13. Bh6 dxc4 14. g3 Nf8 15.
Bxc4 Bxf3 16. Qxf3 Bg5 17. Bxg5 Rxg5 18. Qe4 Qd7 19. Rac1 Rg7 20. f4 h5 21. Be2
h4 22. g4 O-O-O 23. Rc4 Nh7 24. h3 f5 25. Qg2 fxg4 26. Bxg4 Kb8 27. Qe4 Nf8 28.
Kh2 Qf7 29. b3 Qc7 30. Qe1 Rgd7 31. f5 Rxd4 32. Rxd4 Rxd4 33. fxe6 Qd8 34. Rf6
Rd2+ 35. Rf2 Rd5 36. Qb4 Ng6 37. Rf7 Rd2+ 38. Kg1 b5 39. Rd7 Rxd7 40. exd7 Kb7
41. Qd4 1-0